Purple-Themed Trivia Quiz Stats

 Plays Quiz Updated Jun 6, 2017

Support Sporcle.
Go Orange.
Score 0/15 Timer 04:00
1 Play Today
Question Answer % Correct
What artist released the critically acclaimed album 'Purple Rain' in 1984?Prince
86.8%
While violet is closer to blue on the color wheel, purple is closer to what color?red
84%
In New Orleans, purple, gold and green are the traditional colors of what holiday?Mardi Gras
81.7%
In the board game Clue(do), what character is represented by the purple token?Professor Plum
76.2%
Purple Mountain, or Zijin Shan, is located in what country?China
75%
The Purple Heart medal features the image of what US president?George Washington
58.1%
The Purple People Eaters is a nickname for what NFL team's defensive line?Minnesota Vikings
50.6%
Founded in 1992, 'Purple' is a fashion, art and culture magazine published in what country?France
47.6%
Question Answer % Correct
What King of the Franks was crowned in 800 A.D. while wearing a Tyrian purple mantle?Charlemagne
30.5%
Who wrote and directed the 1985 film 'The Purple Rose of Cairo'?Woody Allen
29.8%
'The Color Purple' was written by what female Pulitzer Prize winning author?Alice Walker
29.1%
Native to the Pacific, the purple sea urchin is a member of what scientific kingdom?Animalia
17.8%
The Purple Dragons are a street gang in what franchise and animated cartoon series?Teenage Mutant Ninja Turtles
16.2%
The word purple derives from the Latin and Greek word for what family of shellfish from which the dye was originally made?murex
13.7%
Nazi Germany used a purple triangle primarily to identify what religious belief system?Jehovah's Witnesses
8.9%

You're not logged in!

Compare scores with friends on all Sporcle quizzes.
OR
Log In
Forgot?

From the Vault

Activists in Comic Books

by shorlin

Imagine how powerful activists would be if they had comic-level super powers.
Remove Ads.
Support Sporcle.
Get the best of Sporcle when you Go Orange. This ad-free experience offers more features, more stats, and more fun while also helping to support Sporcle. Thank you for becoming a member.

Show Comments

Extras

Top Quizzes Today


Score Distribution

Your Account Isn't Verified!

In order to create a playlist on Sporcle, you need to verify the email address you used during registration. Go to your Sporcle Settings to finish the process.

Report this User

Report this user for behavior that violates our Community Guidelines.

Details: